| 000 | 00752nam a22002177a 4500 | ||
|---|---|---|---|
| 999 |
_c22536 _d22536 |
||
| 003 | AR-CdUCM | ||
| 008 | 190423b ||||| |||| 00| 0 spa d | ||
| 020 | _a9786124802638 | ||
| 040 |
_aMUNICIPALIDAD PROVINCIAL DEL CUSCO _cBIBLIOTECA MUNICIPAL DEL CUSCO |
||
| 041 | _hspa | ||
| 082 |
_aES/398.20985/R7 _bR7 |
||
| 245 |
_aRelatos, mitos y leyendas tenebrosas del Perú / _c[compilador, Alfonso A. Cueva García] |
||
| 260 |
_aLima : _bAldo Editores Importadores, _c2019. |
||
| 300 |
_a191, [1] p. : _bilustraciones en color, _c24 cm. |
||
| 650 |
_aCuentos folclóricos peruanos _95451 |
||
| 650 |
_aLeyendas _92226 |
||
| 650 |
_aTradición oral _92031 |
||
| 700 |
_aCueva García, Aníbal _ecompilador _948447 |
||
| 942 |
_2ddc _cLIBROS |
||
| 945 | _arac | ||